| 000 | 00583nam a2200193 i 4500 | ||
|---|---|---|---|
| 001 | 135638 | ||
| 003 | ES-MaACL | ||
| 005 | 20250323063043.0 | ||
| 007 | t| | ||
| 008 | 070720s1971 sp ||||1| spa d | ||
| 080 | _a821.134.2-31"19" | ||
| 100 | 1 |
_aTorrente Ballester, Gonzalo, _d1910-1999 _9110850 |
|
| 245 | 1 | 4 |
_aLos gozos y las sombras. _nI, _pEl señor llega / _cGonzalo Torrente Ballester. |
| 260 |
_aMadrid : _bAlianza Editorial, _c[1971] |
||
| 300 |
_a451 p. ; _c18 cm. |
||
| 740 | 3 | 2 | _aEl señor llega. |
| 852 |
_aES-MaACL _jC-40361 |
||
| 999 |
_c135638 _d135638 |
||